[Event "2011 SC Site Championship, Pre Round, Round 1"]
[Site "SchemingMind.com"]
[Date "2010.11.07"]
[Round "1"]
[White "Aadsje"]
[Black "Uzi Mike"]
[Result "1/2-1/2"]
[WhiteCountry "NED"]
[BlackCountry "USA"]
[WhiteElo "2147"]
[WhiteRD "62"]
[BlackElo "2241"]
[BlackRD "74"]
[GameID "265934"]

1. d4 Nf6 2. Nf3 g6 3. g3 Bg7 4. Bg2 d6 5. Nc3 d5 6. O-O c6 7. Bf4 h6 8. e4 dxe4 9. Ne5 g5 10. Be3 Bf5
11. a4 O-O 12. g4 Bh7 13. h4 gxh4 14. Qc1 Na6 15. Bxh6 Bxh6 16. Qxh6 Qxd4 17. Qg5+ Kh8 18. Rad1 Qc5 19. Qf4 Nc7 20. Nxe4 Ne6
21. Nxc5= Nxf4 22. Rfe1 Nxg4 23. Nxg4 Rg8 24. f3 f5 25. Rd4 Nxg2 26. Kxg2 b6 27. Ne6 fxg4 28. fxg4 Bxc2 29. g5 Rg6 30. Rxh4+ Kg8
31. Re5 Bf5 32. Nd4 Bd7 33. Kf2 Rg7 34. Ke3 c5 35. Ne6 Bxe6 36. Rxe6 Rd8 37. Rhe4 Rd1 38. g6 Rg1 39. Rc6 R7xg6 40. Rxg6+ Rxg6
41. Rxe7 a5 42. Kd3 Rd6+ 43. Kc3 Kf8 44. Re2 Kf7 45. Re4 Kf6 46. Kc4 Kf5 47. Rh4 Kg5 48. Re4 Kf5 49. Rh4 Rd2 50. b3 Rd6
51. Rh5+ Ke4 52. Rh4+= Ke3 53. Rh3+ Kd2 54. Rh2+= Ke3 55. Rh3+ Ke2 56. Rh2+ Kd1 57. Kb5 Re6 58. Rg2 Rf6 59. Ka6 Rh6 60. Rf2 Kc1
61. Re2 Kd1 62. Rf2 Rg6 63. Rh2 Re6 64. Rg2=
1/2-1/2

[Event "2011 SC Site Championship, Pre Round, Round 1"]
[Site "SchemingMind.com"]
[Date "2010.11.10"]
[Round "1"]
[White "Alessandro Dotti Contra"]
[Black "saxon"]
[Result "0-1"]
[WhiteCountry "ITA"]
[BlackCountry "GER"]
[WhiteElo "1461"]
[WhiteRD "94"]
[BlackElo "2477"]
[BlackRD "109"]
[GameID "265936"]

1. e4 e5 2. Nf3 Nc6 3. Bb5 a6 4. Ba4 Nf6 5. O-O Be7 6. Re1 b5 7. Bb3 d6 8. c3 O-O 9. h3 Nb8 10. d3 Nbd7
11. Nbd2 Bb7 12. d4 c5 13. dxc5 Nxc5 14. Ng5 h6 15. Bxf7+ Rxf7 16. Nxf7 Kxf7 17. Qf3 Qc7 18. b4 Na4 19. Qf5 Qxc3 20. Rb1 Bc8
21. Qf3 Qxf3 22. Nxf3 Nc3 23. Rb2 Nfxe4 24. Nd2 Bb7 25. f3 Nxd2 26. Rxd2 Rc8 27. Rc2 Bh4 28. Re3 Nxa2 29. Rxc8 Bxc8 30. Bd2 Bg5
31. Re2 Bxd2 32. Rxd2 Nxb4 33. Rxd6 a5 34. Rb6 Ba6 35. g4 a4 36. Rd6 a3 37. Rd7+ Ke6 38. Rxg7 a2
0-1

[Event "2011 SC Site Championship, Pre Round, Round 1"]
[Site "SchemingMind.com"]
[Date "2010.11.11"]
[Round "1"]
[White "Andreas Flato"]
[Black "PankracyRozumek"]
[Result "1-0"]
[WhiteCountry "GER"]
[BlackCountry "POL"]
[WhiteElo "1790"]
[WhiteRD "74"]
[BlackElo "1789"]
[BlackRD "89"]
[GameID "265937"]

1. e4 Nf6 2. Nc3 d5 3. e5 d4 4. exf6 dxc3 5. fxg7 cxd2+ 6. Qxd2 Qxd2+ 7. Bxd2 Bxg7 8. c3 Bf5 9. Nf3 Nc6 10. Bc4 Bf6
11. O-O-O e6 12. Bf4 Na5 13. Be2 c6 14. Rhe1 b5 15. Ne5 Rc8 16. Bh5 Bg6 17. Bf3 Be7 18. Nxg6 hxg6 19. Re2 O-O 20. Red2 Nc4
21. Rd7 Bc5 22. Bh6 Rfe8 23. Be2 Bxf2 24. Bxc4 bxc4 25. Rf1 Kh7 26. Bg5
1-0

[Event "2011 SC Site Championship, Pre Round, Round 1"]
[Site "SchemingMind.com"]
[Date "2010.11.07"]
[Round "1"]
[White "ampp"]
[Black "echecs"]
[Result "0-1"]
[WhiteCountry "POR"]
[BlackCountry "ENG"]
[WhiteElo "1212"]
[WhiteRD "61"]
[BlackElo "1828"]
[BlackRD "61"]
[GameID "265938"]

1. e4 e5 2. Nf3 Nf6 3. Nc3 Bc5 4. d4 exd4 5. Nxd4 O-O 6. Bd3 Bxd4 7. Bd2 d6 8. O-O Ng4 9. h3 Ne5 10. Bf4 Nbc6
11. Rb1 Nxd3 12. cxd3 Qf6 13. Qf3 Ne5 14. Bxe5 Qxe5 15. Rbc1 Be6 16. a3 Qg5 17. b4 c6 18. a4 a6 19. Ne2 Bb6 20. a5 Bc7
21. Nd4 Bd7 22. Ne2 f5 23. exf5 Rxf5 24. Qe3 Qh4 25. Qg3 Qh6 26. Nd4 Rg5 27. Qf4 Rxg2+ 28. Kxg2 Qxf4
0-1

[Event "2011 SC Site Championship, Pre Round, Round 1"]
[Site "SchemingMind.com"]
[Date "2010.11.08"]
[Round "1"]
[White "Archon"]
[Black "wayder"]
[Result "0-1"]
[WhiteCountry "CAN"]
[BlackCountry "USA"]
[WhiteElo "1737"]
[WhiteRD "62"]
[BlackElo "1925"]
[BlackRD "90"]
[GameID "265939"]

1. Nf3 d5 2. c4 d4 3. g3 c5 4. Bg2 Nc6 5. O-O e5 6. d3 Bd6 7. e3 Bg4 8. Nbd2 Nf6 9. exd4 cxd4 10. a3 Qd7
11. b4 e4 12. Nxe4 Nxe4 13. Re1 f5 14. dxe4 O-O 15. Qd3 Bxf3 16. Bxf3 f4 17. Bg2 f3 18. Bf1 Rae8 19. Qb3 Be5 20. Bb2 h5
21. Rad1 h4 22. c5+ Kh8 23. Rd3 hxg3 24. hxg3 Qg4 25. Kh2 Bxg3+ 26. fxg3 f2 27. Red1 Ne5 28. Bh3 Qxe4 29. Bxd4 Ng4+ 30. Bxg4 f1=Q
31. Bxg7+ Kh7 32. Rxf1 Rxf1 33. Bf3 Qg6 34. Kg2 Rg1+ 35. Kxg1 Qxg3+ 36. Kf1 Re1#
0-1

[Event "2011 SC Site Championship, Pre Round, Round 1"]
[Site "SchemingMind.com"]
[Date "2010.11.11"]
[Round "1"]
[White "Archr"]
[Black "tom claxton"]
[Result "1-0"]
[WhiteCountry "USA"]
[BlackCountry "ENG"]
[WhiteElo "1548"]
[WhiteRD "107"]
[BlackElo "1417"]
[BlackRD "58"]
[GameID "265940"]

1. e4 e5 2. Nf3 Nc6 3. Bb5 Nce7 4. Nxe5 c6 5. Ba4 f6 6. Nf3 d5 7. exd5 Nxd5 8. O-O Bg4 9. d4 b5 10. Bb3 Nge7
11. Re1 Bxf3 12. Qxf3 Kf7 13. Nd2 a5 14. c3 b4 15. Ne4 Ng6 16. c4 Nc7 17. d5 cxd5 18. cxd5 Nxd5 19. Ng5+ Kg8 20. Bxd5+ Qxd5
21. Qxd5#
1-0

[Event "2011 SC Site Championship, Pre Round, Round 1"]
[Site "SchemingMind.com"]
[Date "2010.11.08"]
[Round "1"]
[White "Ashmaster"]
[Black "PawnPusherPete"]
[Result "1/2-1/2"]
[WhiteCountry "IRL"]
[BlackCountry "ENG"]
[WhiteElo "2049"]
[WhiteRD "107"]
[BlackElo "2216"]
[BlackRD "70"]
[GameID "265941"]

1. d4 Nf6 2. c4 c5 3. d5 b5 4. cxb5 a6 5. bxa6 g6 6. Nc3 Bxa6 7. e4 Bxf1 8. Kxf1 d6 9. g3 Bg7 10. Kg2 O-O
11. Nf3 Qb6 12. Re1 Nbd7 13. h3 Rfb8 14. Re2 h6 15. Rc2 Ne8 16. b3 Nc7 17. Bb2 Qa5 18. Qe2 Ne5 19. Nxe5 Bxe5 20. f4 Bd4
21. Na4 Nb5 22. Qd2 Qxd2+ 23. Rxd2 Bxb2 24. Rxb2 Nd4 25. Rab1 Rb4 26. Nc3 c4 27. Ne2 cxb3 28. axb3 Ra3 29. Nxd4 Rxd4 30. Kf3 Rd3+
31. Kf2 Kf8 32. Re1 Raxb3 33. Rxb3 Rxb3=
1/2-1/2

[Event "2011 SC Site Championship, Pre Round, Round 1"]
[Site "SchemingMind.com"]
[Date "2010.11.11"]
[Round "1"]
[White "Aumonde"]
[Black "sthorwall"]
[Result "1/2-1/2"]
[WhiteCountry "USA"]
[BlackCountry "USA"]
[WhiteElo "2198"]
[WhiteRD "77"]
[BlackElo "2201"]
[BlackRD "91"]
[GameID "265942"]

1. d4 Nf6 2. c4 e6 3. Nc3 Bb4 4. Qc2 d5 5. cxd5 exd5 6. Bg5 c5 7. dxc5 h6 8. Bh4 g5 9. Bg3 Ne4 10. e3 Qa5
11. Be5 O-O 12. Bd3 Nc6 13. Bxe4 dxe4 14. Bd6 Re8 15. Ne2 Bxc5 16. Bxc5 Qxc5 17. O-O f5 18. Nd4 Nxd4 19. exd4 Qc4 20. b3 Qc7
21. Rac1 Bd7 22. Rfd1 Rac8 23. Qd2 Qd6 24. d5 Rc7 25. Ne2 Rxc1 26. Qxc1 f4 27. Qc4 b5 28. Qd4 b4 29. Qc4 a5 30. Nd4 e3
31. fxe3 Rxe3 32. Nf3=
1/2-1/2

[Event "2011 SC Site Championship, Pre Round, Round 1"]
[Site "SchemingMind.com"]
[Date "2010.11.09"]
[Round "1"]
[White "Baeron"]
[Black "Archon"]
[Result "1-0"]
[WhiteCountry "SUI"]
[BlackCountry "CAN"]
[WhiteElo "2081"]
[WhiteRD "99"]
[BlackElo "1739"]
[BlackRD "62"]
[GameID "265943"]

1. c4 e5 2. g3 d6 3. Bg2 Nc6 4. Nc3 g6 5. e4 Be6 6. d3 Bg7 7. Nge2 Nge7 8. O-O O-O 9. Nd5 f5 10. Be3 a5
11. Qd2 f4 12. gxf4 exf4 13. Bxf4 Nd4 14. Nxd4 Bxd4 15. Bg5 Bxd5 16. cxd5 Qd7 17. Rac1 Rf7 18. Rc4 Bb6 19. d4 Raf8 20. Qe3 Nxd5
21. exd5 Qg4 22. Bh6 c5 23. Bxf8 Rxf8 24. Qe6+ Kg7 25. Qxg4
1-0

[Event "2011 SC Site Championship, Pre Round, Round 1"]
[Site "SchemingMind.com"]
[Date "2010.11.11"]
[Round "1"]
[White "bereolos"]
[Black "Sebastian Strauchler"]
[Result "1-0"]
[WhiteCountry "USA"]
[BlackCountry "ARG"]
[WhiteElo "2126"]
[WhiteRD "106"]
[BlackElo "2167"]
[BlackRD "103"]
[GameID "265944"]

1. d4 Nf6 2. c4 g6 3. Nc3 d5 4. cxd5 Nxd5 5. e4 Nxc3 6. bxc3 Bg7 7. Be3 c5 8. Nf3 Qa5 9. Qd2 O-O 10. Rc1 Bg4
11. d5 Bxf3 12. gxf3 Nd7 13. c4 Qc7 14. f4 e5 15. Bg2 f5 16. d6 Qc6 17. fxe5 fxe4 18. e6 Ne5 19. e7 Rf6 20. Rd1 Nxc4
21. d7
1-0

[Event "2011 SC Site Championship, Pre Round, Round 1"]
[Site "SchemingMind.com"]
[Date "2010.11.08"]
[Round "1"]
[White "BigB"]
[Black "Will Grummitt"]
[Result "1-0"]
[WhiteCountry "SVK"]
[BlackCountry "ENG"]
[WhiteElo "2459"]
[WhiteRD "96"]
[BlackElo "1709"]
[BlackRD "56"]
[GameID "265945"]

1. e4 e6 2. d4 d5 3. e5 c5 4. c3 Nc6 5. Nf3 Qb6 6. a3 Nge7 7. b4 c4 8. a4 Ng6 9. h4 Be7 10. h5 Nf8
11. Be3 Nd7 12. Be2 O-O 13. Nbd2 Qc7 14. Ng5 h6 15. Nh3 a5 16. b5 Nd8 17. g4 b6 18. g5 hxg5 19. Qc2 f6 20. exf6 Bxf6
21. Bxg5 Bxg5 22. Nxg5 Nf6 23. h6 Nf7 24. hxg7 Re8 25. Qg6 Nxg5 26. Rh8#
1-0

[Event "2011 SC Site Championship, Pre Round, Round 1"]
[Site "SchemingMind.com"]
[Date "2010.11.11"]
[Round "1"]
[White "BishopVesey"]
[Black "Archr"]
[Result "1-0"]
[WhiteCountry "ENG"]
[BlackCountry "USA"]
[WhiteElo "2387"]
[WhiteRD "82"]
[BlackElo "1548"]
[BlackRD "107"]
[GameID "265946"]

1. e4 e5 2. f4 exf4 3. Nf3 d6 4. d4 g5 5. h4 g4 6. Ng1 Bh6 7. Nc3 Nc6 8. Qd3 Bd7 9. a3 f5 10. Nge2 fxe4
11. Qxe4+ Qe7 12. Bxf4 Qxe4 13. Nxe4 O-O-O 14. O-O-O Bxf4+ 15. Nxf4 Re8 16. Ng3 Nh6 17. Bb5 a6 18. Bxc6 Bxc6 19. d5 Bd7 20. Rhf1 Rhf8
21. Nfh5 Nf5 22. Nxf5 Rxf5 23. Ng7 Rxf1 24. Rxf1
1-0

[Event "2011 SC Site Championship, Pre Round, Round 1"]
[Site "SchemingMind.com"]
[Date "2010.11.06"]
[Round "1"]
[White "Boxofrogs"]
[Black "Aumonde"]
[Result "0-1"]
[WhiteCountry "ENG"]
[BlackCountry "USA"]
[WhiteElo "1288"]
[WhiteRD "114"]
[BlackElo "2214"]
[BlackRD "69"]
[GameID "265947"]

1. e4 e5 2. Nf3 Nf6 3. Bd3 d5 4. exd5 e4 5. c4 exd3 6. O-O c6 7. Re1+ Be7 8. Re3 cxd5 9. Ne5 dxc4 10. Qa4+ Nbd7
11. Nxc4 O-O 12. Rxd3 Qc7 13. Qc2 Nb6 14. a4 Bf5 15. a5 Nxc4 16. b3 Qe5 17. g3 Qe1+ 18. Kg2 Bh3+ 19. Kxh3 Qf1+ 20. Kh4 Nd5+
0-1

[Event "2011 SC Site Championship, Pre Round, Round 1"]
[Site "SchemingMind.com"]
[Date "2010.11.07"]
[Round "1"]
[White "Ingemar Assarsjö"]
[Black "chesshub"]
[Result "0-1"]
[WhiteCountry "SWE"]
[BlackCountry "FRA"]
[WhiteElo "1822"]
[WhiteRD "84"]
[BlackElo "2466"]
[BlackRD "71"]
[GameID "265948"]

1. e4 e5 2. Nf3 Nc6 3. Bb5 a6 4. Ba4 Nf6 5. O-O Be7 6. Re1 b5 7. Bb3 O-O 8. c3 d6 9. h3 Nb8 10. d4 Nbd7
11. Nbd2 Bb7 12. Bc2 c5 13. b3 cxd4 14. cxd4 exd4 15. Nxd4 Re8 16. Bb2 Bf8 17. Qf3 Rc8 18. b4 Ne5 19. Qe3 d5 20. Rac1 dxe4
21. Nxe4 Nxe4 22. Bxe4 Nc4 23. Rxc4 Rxc4 24. Bxh7+ Kxh7 25. Qxe8 Rxd4 26. Bxd4 Qd5 27. Kf1 Qxg2+ 28. Ke2 Qf3+ 29. Kf1 Bxb4 30. Qd7 Qh1+
0-1

[Event "2011 SC Site Championship, Pre Round, Round 1"]
[Site "SchemingMind.com"]
[Date "2010.11.11"]
[Round "1"]
[White "C. H. O'D. Schlechter"]
[Black "Transcendent"]
[Result "1-0"]
[WhiteCountry "USA"]
[BlackCountry "ENG"]
[WhiteElo "2409"]
[WhiteRD "91"]
[BlackElo "1789"]
[BlackRD "51"]
[GameID "265949"]

1. d4 d5 2. Bf4 Nf6 3. e3 Bf5 4. Nf3 e6 5. Nbd2 Nbd7 6. c3 c5 7. Be2 c4 8. O-O Nh5 9. Bg5 Nhf6 10. Nh4 h6
11. Bxf6 Qxf6 12. Nxf5 Qxf5 13. e4 dxe4 14. f3 exf3 15. Rxf3 Qg6 16. Nxc4 Bd6 17. Nxd6+
1-0

[Event "2011 SC Site Championship, Pre Round, Round 1"]
[Site "SchemingMind.com"]
[Date "2010.11.07"]
[Round "1"]
[White "CenturyBugs"]
[Black "Ursus"]
[Result "1-0"]
[WhiteCountry "ENG"]
[BlackCountry "INT"]
[WhiteElo "2050"]
[WhiteRD "97"]
[BlackElo "1722"]
[BlackRD "95"]
[GameID "265951"]

1. d4 Nf6 2. c4 e5 3. Nf3 exd4 4. Qxd4 Nc6 5. Qd3 Bc5 6. Nc3 Nb4 7. Qd2 d6 8. a3 Nc6 9. b4 Bb6 10. e3 Qe7
11. Be2 O-O 12. Bb2 Bf5 13. O-O Rfe8 14. Bd3 Qe6 15. Nd5 Nxd5 16. cxd5 Qxd5 17. Qc3 Ne5 18. Bxf5 f6 19. Nxe5 dxe5 20. Rad1 Qf7
21. Rd7
1-0

[Event "2011 SC Site Championship, Pre Round, Round 1"]
[Site "SchemingMind.com"]
[Date "2010.11.07"]
[Round "1"]
[White "chesshub"]
[Black "Arthur Wilding"]
[Result "1-0"]
[WhiteCountry "FRA"]
[BlackCountry "WLS"]
[WhiteElo "2466"]
[WhiteRD "71"]
[BlackElo "1319"]
[BlackRD "71"]
[GameID "265953"]

1. e4 e5 2. Nf3 Nc6 3. Bb5 Bd6 4. O-O a6 5. Ba4 Nf6 6. Re1 O-O 7. c3 b5 8. Bc2 Bb7 9. d4 Re8 10. Nbd2 a5
11. a4 b4 12. Nc4 bxc3 13. bxc3 exd4 14. e5 Bxe5 15. Ncxe5 Nxe5 16. Rxe5 Bxf3 17. Rxe8+ Nxe8 18. Qxf3 dxc3 19. Bg5 f6 20. Bf4 Rb8
21. Qd5+ Kh8 22. Qxa5 Rb2 23. Qxc3 Rb6 24. a5 Ra6 25. Qd3
1-0

[Event "2011 SC Site Championship, Pre Round, Round 1"]
[Site "SchemingMind.com"]
[Date "2010.11.11"]
[Round "1"]
[White "cleverman"]
[Black "mochiron"]
[Result "1-0"]
[WhiteCountry "USA"]
[BlackCountry "JPN"]
[WhiteElo "1757"]
[WhiteRD "116"]
[BlackElo "1470"]
[BlackRD "66"]
[GameID "265955"]

1. e4 c6 2. d4 d5 3. exd5 cxd5 4. c4 e6 5. Nf3 Bb4+ 6. Nc3 Qa5 7. Bd2 a6 8. a3 Bxc3 9. Bxc3 Qc7 10. cxd5 exd5
11. Bd3 Nf6 12. O-O Nc6 13. Re1+ Be6 14. Bf5 O-O 15. Bxe6 fxe6 16. Rxe6 Ng4 17. Ne5 Ncxe5 18. dxe5 Nxf2 19. Qxd5 Kh8 20. Qd6 Qc4
21. Re7 Nh3+ 22. gxh3 Qf4 23. Qd2 Qc4 24. Qd4 Qxd4+ 25. Bxd4 Rac8 26. e6 Rc2 27. Rxg7
1-0

[Event "2011 SC Site Championship, Pre Round, Round 1"]
[Site "SchemingMind.com"]
[Date "2010.11.06"]
[Round "1"]
[White "Danzino"]
[Black "ampp"]
[Result "1-0"]
[WhiteCountry "GBR"]
[BlackCountry "POR"]
[WhiteElo "2015"]
[WhiteRD "109"]
[BlackElo "1135"]
[BlackRD "44"]
[GameID "265957"]

1. c4 e5 2. g3 Nf6 3. Bg2 d5 4. cxd5 c6 5. dxc6 Nxc6 6. Nc3 Bb4 7. a3 Ba5 8. d3 O-O 9. Bg5 h6 10. Bxf6 Qxf6
11. b4 Bb6 12. Nf3 Bf5 13. O-O Qe6 14. Rc1 Bh3 15. Bxh3 Qxh3 16. b5 Nd4 17. Nxe5 Bc7 18. Nf3 Nxf3+ 19. exf3 Rfe8 20. f4 Rad8
21. Qf3 b6 22. Rfd1 Bd6 23. a4 Rc8 24. Ne4 Bc7 25. d4 f5 26. Nd6 Bxd6 27. Rxc8 Rxc8 28. Qd5+ Kh7 29. Qxd6
1-0

[Event "2011 SC Site Championship, Pre Round, Round 1"]
[Site "SchemingMind.com"]
[Date "2010.11.11"]
[Round "1"]
[White "DeepGreene"]
[Black "kynoceros"]
[Result "0-1"]
[WhiteCountry "CAN"]
[BlackCountry "USA"]
[WhiteElo "1490"]
[WhiteRD "126"]
[BlackElo "1576"]
[BlackRD "78"]
[GameID "265959"]

1. d4 Nf6 2. c4 e6 3. Nf3 Bb4+ 4. Bd2 Bxd2+ 5. Qxd2 d5 6. Nc3 O-O 7. e3 Nc6 8. Be2 a6 9. O-O Qd6 10. cxd5 exd5
11. Rfd1 Re8 12. Rac1 Ne4 13. Nxe4 dxe4
0-1

[Event "2011 SC Site Championship, Pre Round, Round 1"]
[Site "SchemingMind.com"]
[Date "2010.11.08"]
[Round "1"]
[White "Dreadtower"]
[Black "Louis Lima"]
[Result "1-0"]
[WhiteCountry "ENG"]
[BlackCountry "ESP"]
[WhiteElo "1846"]
[WhiteRD "109"]
[BlackElo "1837"]
[BlackRD "68"]
[GameID "265961"]

1. e4 d5 2. exd5 Qxd5 3. Nc3 Qd6 4. g3 Nf6 5. Nf3 Bg4 6. Bg2 Nc6 7. h3 Bh5 8. g4 Bg6 9. d3 O-O-O 10. Be3 e5
11. Nh4 Be7 12. Nxg6
1-0

[Event "2011 SC Site Championship, Pre Round, Round 1"]
[Site "SchemingMind.com"]
[Date "2010.11.07"]
[Round "1"]
[White "echecs"]
[Black "Marcel51"]
[Result "0-1"]
[WhiteCountry "ENG"]
[BlackCountry "FRA"]
[WhiteElo "1828"]
[WhiteRD "59"]
[BlackElo "1997"]
[BlackRD "98"]
[GameID "265962"]

1. e4 c5 2. c3 Nf6 3. e5 Nd5 4. Nf3 Nc6 5. d4 cxd4 6. cxd4 d6 7. Be2 dxe5 8. Nxe5 g6 9. Bc4 Be6 10. O-O Bg7
11. Nxc6 bxc6 12. Na3 O-O 13. Re1 Rc8 14. Rb1 c5 15. dxc5 Rxc5 16. Qb3 Qc7 17. Bd2 Rb8 18. Qa4 Nb6 19. Ba5 Bxc4 20. Bxb6 axb6
21. b3 Be6 22. Rbd1 b5 23. Qe4 Qa7 24. Qf4 Rf5 25. Qg3 Rc8 26. Nb1 Qxa2 27. Nd2 Bc3 28. Re2 Qc2
0-1

[Event "2011 SC Site Championship, Pre Round, Round 1"]
[Site "SchemingMind.com"]
[Date "2010.11.07"]
[Round "1"]
[White "Phillip Beckett"]
[Black "robertoi72"]
[Result "0-1"]
[WhiteCountry "ENG"]
[BlackCountry "ITA"]
[WhiteElo "1623"]
[WhiteRD "53"]
[BlackElo "1912"]
[BlackRD "108"]
[GameID "265963"]

1. e4 c5 2. Nf3 d6 3. d4 cxd4 4. Nxd4 Nf6 5. Nc3 Nc6 6. Bg5 e6 7. f4 a6 8. Qd2 Qb6 9. O-O-O Qxd4 10. Qxd4 Nxd4
11. Rxd4 Be7 12. Bc4 Bd7 13. Rhd1 Bc6 14. g3 h6 15. Bxf6 gxf6 16. Bb3 h5 17. Ba4 b5 18. Bb3 Rg8 19. a4 h4 20. axb5 axb5
21. Kd2 hxg3 22. Rg1 g2 23. Ke2 d5 24. e5 Bc5 25. Rdd1 Bxg1 26. Rxg1 d4
0-1

[Event "2011 SC Site Championship, Pre Round, Round 1"]
[Site "SchemingMind.com"]
[Date "2010.11.06"]
[Round "1"]
[White "Fiesty 50"]
[Black "simon_w"]
[Result "1-0"]
[WhiteCountry "ENG"]
[BlackCountry "IRL"]
[WhiteElo "2200"]
[WhiteRD "103"]
[BlackElo "1874"]
[BlackRD "79"]
[GameID "265964"]

1. e4 c5 2. Nf3 d6 3. d4 cxd4 4. Nxd4 Nf6 5. Nc3 a6 6. Be3 e5 7. Nb3 Be7 8. f3 Be6 9. Qd2 h5 10. Nd5 Bxd5
11. exd5 b5 12. Be2 Nbd7 13. a4 bxa4 14. Rxa4 O-O 15. Na5 Re8 16. c4 Nb8 17. O-O Qd7 18. Raa1 Bd8 19. Rfc1 Bxa5 20. Rxa5 Rc8
21. b4 Qd8 22. Rca1 Qe7 23. c5 dxc5 24. bxc5
1-0

[Event "2011 SC Site Championship, Pre Round, Round 1"]
[Site "SchemingMind.com"]
[Date "2010.11.11"]
[Round "1"]
[White "Frankygolucky"]
[Black "Thomas Meehan"]
[Result "1-0"]
[WhiteCountry "GBR"]
[BlackCountry "ENG"]
[WhiteElo "1875"]
[WhiteRD "93"]
[BlackElo "1692"]
[BlackRD "94"]
[GameID "265965"]

1. d4 Nf6 2. c4 e6 3. Nf3 Bb4+ 4. Nbd2 O-O 5. a3 Bxd2+ 6. Bxd2 b6 7. g3 Bb7 8. Bg2 d5 9. Rc1 c6 10. O-O Ba6
11. Re1 Bxc4 12. Ne5 c5 13. Nxc4 Nbd7 14. Ne5 Nxe5 15. dxe5 Nd7 16. Bc3 Rc8 17. e3 Qc7 18. Qh5 f6 19. exf6 Nxf6 20. Bxf6 Rxf6
21. f4 Rf5 22. Qe2 c4 23. e4 Rff8 24. exd5 Qc5+ 25. Kf1 exd5 26. Qe6+ Kh8 27. Qxd5 Qxd5 28. Bxd5 b5 29. Re5 a6 30. Bb7 Rcd8
31. Bxa6 Rd2 32. Re2 Rfd8 33. Bxb5 Rxe2 34. Kxe2 Re8+ 35. Bxe8
1-0

[Event "2011 SC Site Championship, Pre Round, Round 1"]
[Site "SchemingMind.com"]
[Date "2010.11.08"]
[Round "1"]
[White "Girkassa"]
[Black "Boxofrogs"]
[Result "1-0"]
[WhiteCountry "NOR"]
[BlackCountry "ENG"]
[WhiteElo "2104"]
[WhiteRD "81"]
[BlackElo "1274"]
[BlackRD "111"]
[GameID "265966"]

1. d4 d5 2. c4 dxc4 3. Nf3 Be6 4. e4 Nc6 5. d5 Qd6 6. dxe6 Rd8 7. Qxd6 Rxd6 8. Bxc4 fxe6 9. Bf4 e5 10. Nxe5 Rd4
11. Bf7+ Kd8 12. Nxc6+ bxc6 13. Nd2 h6 14. O-O-O g5 15. Be5 Ra4 16. Nb3+ Kc8 17. Nc5 Nf6 18. Be6+ Kb8 19. Rd8#
1-0

[Event "2011 SC Site Championship, Pre Round, Round 1"]
[Site "SchemingMind.com"]
[Date "2010.11.06"]
[Round "1"]
[White "GM Mark"]
[Black "thefriediceman"]
[Result "1-0"]
[WhiteCountry "ENG"]
[BlackCountry "USA"]
[WhiteElo "2575"]
[WhiteRD "189"]
[BlackElo "1914"]
[BlackRD "75"]
[GameID "265967"]

1. d4 Nf6 2. c4 g6 3. g3 Bg7 4. Bg2 O-O 5. Nc3 d6 6. Nf3 Nc6 7. O-O e5 8. d5 Ne7 9. e4 Nd7 10. Be3 f5
11. Ng5 Nf6 12. Qb3 b6 13. Ne6 Bxe6 14. dxe6 Rb8 15. Rad1 Qc8 16. Nd5 Nfxd5 17. cxd5 fxe4 18. Bxe4 Kh8 19. Rc1 Ng8 20. Rc6 Rb7
21. Rfc1 Qb8 22. Qc2 Nf6 23. Bg5 Ne8 24. Bxg6 hxg6 25. Qxg6 Kg8 26. Be7 Rf3 27. R1c4 Rf6 28. Bxf6 Nxf6 29. Qf7+ Kh8 30. Rh4+ Nh7
31. e7
1-0

[Event "2011 SC Site Championship, Pre Round, Round 1"]
[Site "SchemingMind.com"]
[Date "2010.11.11"]
[Round "1"]
[White "Granny Gambit"]
[Black "Olli Ylönen"]
[Result "1-0"]
[WhiteCountry "ENG"]
[BlackCountry "FIN"]
[WhiteElo "2022"]
[WhiteRD "85"]
[BlackElo "1475"]
[BlackRD "56"]
[GameID "265968"]

1. d4 d5 2. c4 e6 3. Nc3 c6 4. Nf3 dxc4 5. a4 Bb4 6. e3 b5 7. Bd2 a5 8. axb5 Bxc3 9. Bxc3 cxb5 10. b3 Bb7
11. bxc4 b4 12. Bb2 Nf6 13. Bd3 Nbd7 14. O-O O-O 15. Nd2 Qc7 16. Bc2 e5 17. d5 Nb6 18. Rc1 Nxc4 19. Nxc4 Qxc4 20. Bxh7+
1-0

[Event "2011 SC Site Championship, Pre Round, Round 1"]
[Site "SchemingMind.com"]
[Date "2010.11.11"]
[Round "1"]
[White "Jaschin"]
[Black "SpeedRacer"]
[Result "0-1"]
[WhiteCountry "GER"]
[BlackCountry "USA"]
[WhiteElo "1343"]
[WhiteRD "75"]
[BlackElo "1680"]
[BlackRD "134"]
[GameID "265969"]

1. e4 c5 2. Nf3 d6 3. d4 cxd4 4. Nxd4 Nf6 5. Nc3 a6 6. Be3 e6 7. g4 h6 8. f4 b5 9. Bg2 Bb7 10. g5 e5
11. gxf6 exd4
0-1

[Event "2011 SC Site Championship, Pre Round, Round 1"]
[Site "SchemingMind.com"]
[Date "2010.11.09"]
[Round "1"]
[White "jballinger44"]
[Black "Nut"]
[Result "0-1"]
[WhiteCountry "USA"]
[BlackCountry "USA"]
[WhiteElo "1238"]
[WhiteRD "64"]
[BlackElo "1993"]
[BlackRD "75"]
[GameID "265970"]

1. e4 e5 2. Nf3 Nf6 3. Nxe5 d6 4. Nc4 Nxe4 5. f3 Qh4+ 6. g3 Nxg3 7. Rg1 Nh1+ 8. Ke2 Qf2+ 9. Kd3 Qxg1 10. Qe1+ Be7
11. b3 Nc6 12. Bb2 Bf5+ 13. Ke2 Bxc2 14. Nba3 Qxh2+ 15. Ke3 Bg5+ 16. f4 Qxf4+ 17. Ke2 Qg4#
0-1

[Event "2011 SC Site Championship, Pre Round, Round 1"]
[Site "SchemingMind.com"]
[Date "2010.11.11"]
[Round "1"]
[White "Sebastian Strauchler"]
[Black "Mel"]
[Result "1-0"]
[WhiteCountry "ARG"]
[BlackCountry "USA"]
[WhiteElo "2203"]
[WhiteRD "106"]
[BlackElo "1621"]
[BlackRD "114"]
[GameID "265971"]

1. e4 e5 2. Nf3 Nf6 3. Nxe5 d6 4. Nf3 Nxe4 5. d4 d5 6. Bd3 Nc6 7. O-O Bd6 8. c4 Nf6 9. Re1+ Be6 10. Bg5 Bb4
11. Nc3 dxc4 12. Bxc4 Qd6 13. Bxf6 gxf6 14. d5 Ne5 15. Nxe5 fxe5 16. dxe6 O-O-O 17. Qxd6 Bxd6 18. exf7 c6 19. Rad1 b5 20. Bb3 a5
21. Ne4 Kc7 22. Ng5 Rd7 23. Ne6+ Kb7 24. f8=Q Rxf8 25. Nxf8 Rd8 26. Nxh7 Kc7 27. Ng5 a4 28. Ne6+
1-0

[Event "2011 SC Site Championship, Pre Round, Round 1"]
[Site "SchemingMind.com"]
[Date "2010.11.06"]
[Round "1"]
[White "JPT"]
[Black "Tumbleweed"]
[Result "1-0"]
[WhiteCountry "INT"]
[BlackCountry "ENG"]
[WhiteElo "1819"]
[WhiteRD "100"]
[BlackElo "1319"]
[BlackRD "107"]
[GameID "265972"]

1. e4 Nc6 2. d4 e5 3. Nf3 Bd6 4. Bc4 exd4 5. Nxd4 Nxd4 6. Qxd4 Qf6 7. Qxf6 Nxf6 8. Nc3 Be5 9. O-O O-O 10. Nd5 Re8
11. Nxf6+ gxf6 12. c3 a5 13. Be3 c6 14. Rae1 b5 15. Bd3 d6 16. f4 Ba6 17. fxe5 Rxe5 18. Bd4 Re6 19. Rxf6 c5 20. Rxe6 cxd4
21. Rxd6
1-0